000 00345nam a2200145Ia 4500
008 240624s9999 xx 000 0 und d
041 _aeng
082 _a332.015195 ALE
100 _aALEXANDER CAROL
245 _aMARKET RISK ANALYSIS 4 VOLUME SET
260 _c2010
_aChecister
_bWiley
300 _a2194 : p.
365 _c
_b27
440 _v2
999 _c18217
_d18217